Oxford advanced learner's dictionary
Αποθηκεύτηκε σε:
| Συγγραφή απο Οργανισμό/Αρχή: | |
|---|---|
| Μορφή: | Ηλεκτρονική πηγή |
| Γλώσσα: | English |
| Δημοσίευση: |
Copenhagen, DM. :
TEXTware A/S,
c1997
|
| Θέματα: | |
| Ετικέτες: |
Προσθήκη ετικέτας
Δεν υπάρχουν, Καταχωρήστε ετικέτα πρώτοι!
|
MARC
| LEADER | 00000nmm a2200000 i 4500 | ||
|---|---|---|---|
| 001 | 1/12745 | ||
| 008 | 001017s1997 dq eng d | ||
| 020 | |a 0-19-431-4677 | ||
| 035 | |l 10064320 | ||
| 040 | |a GR-MY-UA |b gre |e aacr | ||
| 041 | 0 | |a eng | |
| 082 | 0 | |a 423 | |
| 245 | 1 | 0 | |a Oxford advanced learner's dictionary |h [computer file] |
| 260 | |a Copenhagen, DM. : |b TEXTware A/S, |c c1997 | ||
| 300 | |a 1 computer laser optical disc; |c 4 3/4 in. | ||
| 538 | |a System requirements: IBM PC or full compatible; 66 MHz 486 processor or above; 8Mb RAM (16Mb for windows 95); 8Mb free on hard disk; SVGA monitor (640 x 480 screen resolution capable of displaying minimum 256 colours); Windows-compatible double-speed CD-ROM drive; Windows 3.1 or higher, or windows 95; DOS 3.3 or higher. | ||
| 650 | 0 | 0 | |a English language |x Dictionaries. |
| 710 | 2 | |a TEXTware A/S. | |
| 852 | |a INST |b SAMOS |c AV |e 20001017 |h 423 OXF |p 005300018904 |q 005300018904 |t CDROM |y 23 | ||
| 901 | |a BIBL3-2000-2 | ||
| 909 | |a Σ |b 079616 | ||
| 922 | |a 3ΕΛΗ |b 200009 |c ΤΠΕΣ |d ΠΑΠΑΣΩΤΗΡΙΟΥ | ||
| 970 | |a ΠΟΥΡΝΑΡΑΣ |b ΔΗΜΗΤΡΗΣ |z 2000/10/17 | ||